Statistiques concernant Pays du monde en 1914 sur une carte

Cliquez ici pour prendre le quiz!

Statistiques générales

  • Ce quiz a été pris 5,640 fois
  • Le résultat moyen est 50 sur 59

Statistiques - réponses

Country % Correct
Etats-Unis
99%
France
99%
Canada
99%
Espagne
98%
Mexique
98%
Chine
98%
Russie
98%
Royaume-Uni
98%
Brésil
97%
Portugal
97%
Australie
97%
Argentine
96%
Italie
96%
Allemagne
96%
Japon
96%
Chili
95%
Suède
95%
Norvège
94%
Afrique du Sud
93%
Danemark
93%
Belgique
93%
Colombie
92%
Pérou
92%
Grèce
91%
Pays-Bas
91%
Uruguay
90%
Cuba
89%
Bolivie
89%
Paraguay
89%
Venezuela
88%
Suisse
87%
Nouvelle-Zélande
86%
Perse
85%
Équateur
85%
Panama
84%
Autriche-Hongrie
84%
Népal
81%
Siam
78%
Roumanie
78%
Monaco
77%
Haïti
77%
Éthiopie
77%
Andorre
77%
Luxembourg
77%
Honduras
77%
Bulgarie
76%
Empire ottoman
76%
Costa Rica
75%
Guatemala
75%
Nicaragua
74%
Albanie
73%
Serbie
73%
Saint-Marin
72%
République dominicaine
70%
Liechtenstein
69%
Salvador
66%
Liberia
59%
Monténégro
56%
Terre-Neuve
35%

Distribution des résultats

Percentile par nombre de réponses

% des personnes avec chaque résultat

Votre développement - résultats

Vous n’avez pas pris ce quiz